000 00637nam a2200217Ii 4500
003 JO-AjNU
008 230606s9999||||xx |||||||||||||| ||und||
020 _a978-1-265-79819-2
040 _aJO-AjNU
_beng
_erda
_cJO-AjNU
041 _aeng
050 1 4 _aQ180.B67 2022
100 3 _aBordens, Kenneth, Bruce B. Abbott,
_eauthor
_96370
245 0 0 _aResearch Design and Methods: A Process Approach
250 _a11th ed
264 3 1 _aNew york: Mc Graw-Hill,2022
300 _a590p
336 _atext
_btxt
_2rdacontent
337 _aunmediated
_bn
_2rdamedia
338 _avolume
_bnc
_2rdacarrier
650 4 _a Design - Methods
_96371
999 _aE3303
_c3299
_d3299